Introducción al derecho

Saved in:
Bibliographic Details
Main Author: Hübner Gallo, Jorge Iván (autor)
Format: Book
Language:Spanish
Published: Santiago Jurídica de Chile 1976
Edition:4a. ed
Series:Manuales Jurídicos, 47
Subjects:
Tags: Add Tag
No Tags, Be the first to tag this record!

MARC

LEADER 00000nam a2200000 a 4500
001 UCY0517
003 CL-VaPUC
008 940803e19760000CL |||||||||||||||||spa|d
082 0 4 |a 340.1  |b HUB  |2 21 
100 |a Hübner Gallo, Jorge Iván  |e autor  |9 381209 
245 1 0 |a Introducción al derecho 
250 |a 4a. ed 
300 |a 382 p 
942 |c BK 
945 |d 19940803 00:00:00  |a aalvarez 
260 |a Santiago  |b Jurídica de Chile  |c 1976 
650 0 |a Filosofía del derecho   |9 255050 
650 7 |a DERECHO  |2 CL-VaPUC  |9 328261 
583 |a last modification  |c 20130328 13:31:32  |k Rodrigo Vera 
490 0 |a Manuales Jurídicos, 47 
999 |c 229505  |d 229503 
952 |0 0  |1 0  |4 0  |6 340_100000000000000_HUB_1976  |7 0  |8 A  |9 230727  |a BIBDER  |b BIBDER  |d 2019-11-15  |i 3000990  |o 340.1 HUB 1976  |p 3000990  |r 2023-01-25  |w 2019-11-15  |y BK  |k DER 
952 |0 0  |1 0  |4 0  |6 340_100000000000000_HUB_1976  |7 0  |8 A  |9 230731  |a BIBDER  |b BIBDER  |d 2019-11-15  |i 3000982  |o 340.1 HUB 1976  |p 3000982  |r 2023-01-25  |w 2019-11-15  |y BK  |k DER 
952 |0 0  |1 0  |4 0  |6 340_100000000000000_HUB_1976  |7 0  |8 DER_TF  |9 230733  |a BIBDER  |b BIBDER  |d 2019-11-15  |i 1884204  |o 340.1 HUB 1976  |p 1884204  |r 2023-01-25  |w 2019-11-15  |x Ubicación 4to Piso  |y BK  |z Estos recursos deben solicitarse con anticipación  |k DER